Boletn̕ oficial de la Rioja

Detalles Bibliográficos
Autores Corporativos: Rioja (Comunidad autn̤oma). Gobierno, Rioja (Comunidad Autn̤oma)
Formato: Desconocido
Lenguaje:español
Publicado: La Rioja : Comunidad Autn̤oma de La Rioja
Materias:
Acceso en línea:Acceso restringido

MARC

LEADER 00000ny a22000003n 4500
005 20110510131549.0
008 071129c20uu9999sp dr p s0 b0spa c
022 |a 1576-1126 
035 |a 353 
040 |a SpMaUCMA  |d vLex 
090 |c 1541  |d 1541 
110 1 |a Rioja (Comunidad autn̤oma).  |b Gobierno  
245 1 0 |a Boletn̕ oficial de la Rioja  |h [Recurso electrn̤ico] 
246 3 |a BOR 
256 |a Servicio en ln̕ea 
260 |a La Rioja :  |b Comunidad Autn̤oma de La Rioja 
310 |a Mensual 
650 0 4 |a Derecho  |x Legislacin̤  |z Espaą  |x Publicaciones perid̤icas 
710 1 |a Rioja (Comunidad Autn̤oma) 
740 0 |a vLex Revista (Servicios en ln̕ea) 
843 |a Electrn̤ica. Abierta 
853 |8 1  |i (year)  |j (month)  |k (day) 
856 4 |z Acceso restringido  |u http://vlex.com/source/bor-353 
942 |c REV